000 00721nam a22002057a 4500
008 130821s2002 ck gr spa
020 _a9583800864
040 _aCo-BoUCM
_bspa
041 0 0 _aspa
100 1 _aJaramillo, Carlos Felipe
_982626
245 1 0 _aCrisis y transformación de la agricultura Colombiana 1990 - 2000
_cCarlos Felipe Jaramillo.
260 _aBogotá (Colombia)
_bFondo de cultura economica
_c2002
300 _a233 páginas
504 _aIncluye bibliografía e índice
650 0 4 _aAgricultura
_zColombia
_928639
650 0 4 _aAgricultura
_zColombia
_y1990-2000
_98719
650 0 4 _aEconomía
_9174
942 _cLIBRO
_a7
_e1
_mJ371c
_2DEWEY
_h333.7861
999 _c91984
_d91984